Sporcle Game Categories Quiz Stats

 Plays Quiz Updated Nov 2, 2018

Score 0/15 Timer 02:00
1 Play Today
Category % Correct
Geography
94.4%
Sports
93.1%
History
91.8%
Movies
90.7%
Miscellaneous
87.5%
Music
87.4%
Television
86.7%
Entertainment
84.8%
Category % Correct
Science
83.8%
Literature
82.5%
Language
78.9%
Religion
75.8%
Gaming
72.1%
Holiday
70.1%
Just For Fun
69.9%

You're not logged in!

Compare scores with friends on all Sporcle quizzes.
OR
Log In

Sporcle TV

Today on Sporcle TV


Watch our educational content, quiz creation guides, and fun videos on Sporcle TV.

Show Comments

Extras

Top Quizzes Today


Score Distribution

Your Account Isn't Verified!

In order to create a playlist on Sporcle, you need to verify the email address you used during registration. Go to your Sporcle Settings to finish the process.

Report this User

Report this user for behavior that violates our Community Guidelines.

Details: